Language Quiz

Random Language or German Quiz

German: Time Quiz Stats

 Plays Quiz Updated Feb 3, 2020

Support Sporcle.
Go Orange.
Score 0/14 Timer 05:00
0 Plays Today
English German % Correct
NightNacht
93.7%
DayTag
92.7%
MinuteMinute
87.7%
YearJahr
84.3%
MorningMorgen
83.5%
WeekWoche
80.7%
MonthMonat
71.9%
English German % Correct
NoonMittag
63.5%
HourStunde
56.4%
AfternoonNachmittag
52%
SecondSekunde
48%
MidnightMitternacht
37.1%
CenturyJahrhundert
35.9%
DecadeJahrzehnt
27.6%

From the Vault

Two Word Lyrics, Two Word Song Titles

by JoeBeta

Music 5m
We'll give you two words. You can take it from there.
Remove Ads.
Support Sporcle.
Get the best of Sporcle when you Go Orange. This ad-free experience offers more features, more stats, and more fun while also helping to support Sporcle. Thank you for becoming a member.

Show Comments

Extras

Top Quizzes Today


Score Distribution

Your Account Isn't Verified!

In order to create a playlist on Sporcle, you need to verify the email address you used during registration. Go to your Sporcle Settings to finish the process.

Report this User

Report this user for behavior that violates our Community Guidelines.

Details: